| Поле | Инд. | ПП | Название | Значение |
|---|---|---|---|---|
| Тип записи | a | |||
| Библиографический уровень | m | |||
| 001 | Контрольный номер | 95446e72-55f4-4ceb-b0a7-405e2040ade3 | ||
| 005 | Дата корректировки | 20131112065414.4 | ||
| 008 | Кодируемые данные | 010103 d | ||
| 020 | a | ISBN | 0-697-13714-7 | |
| c | Цена, тираж | 97.09 | ||
| 040 | a | Служба первич. каталог. | НБ ТвГУ | |
| 041 | a | Код языка текста | eng | |
| 080 | a | Индекс УДК | 58 | |
| 084 | a | Индекс другой классификации/Индекс ББК | Е5 | |
| 090 | x | Авторский знак | S83 | |
| a | Полочн. индекс | Е5 | ||
| 100 | 1_ | a | Автор | Stern Kingsley R. |
| 245 | 00 | a | Заглавие | Introductory plant biology |
| c | Ответственность | Kingsley R. Stern | ||
| 260 | 0_ | a | Место издания | Dubuque (Iow.) etc. |
| b | Издательство | Brown | ||
| c | Дата издания | 1994 | ||
| 300 | a | Объем | XIII,537 p. | |
| b | Иллюстрации/ тип воспроизводства | Ill. | ||
| 504 | a | Библиография | Ind.: p.521-537. | |
| 583 | a | Действие | Получение впервые 212 27.06.2000 | |
| k | Исполнитель действия | Дар РГГУ | ||
| 583 | a | Действие | Приписка 395 27.11.2000 | |
| k | Исполнитель действия | Дар РГГУ | ||
| 583 | a | Действие | Приписка 248 03.11.2003 | |
| k | Исполнитель действия | Дар РГГУ | ||
| 650 | a | Основная рубрика | Растения | |
| x | Основная подрубрика | Биология | ||
| 650 | a | Основная рубрика | Ботаника | |
| 653 | a | Ключевые слова | Растения | |
| a | Ключевые слова | Биология растений | ||
| a | Ключевые слова | Ботаника | ||
| 852 | t | Порядковый номер экземпляра | 3 | |
| p | Инвентарный номер | 723761 | ||
| p | Инвентарный номер | 770399 86.00 | ||
| p | Инвентарный номер | 729178 | ||
| 888 | a | Бесплатные | ||
| 930 | a | Новая/Ретро | англ | |
| a | Новая/Ретро | иностр | ||
| 952 | p | 212.2000 97.09 1 723761 | ||
| p | 395.2000 97.09 1 729178 | |||
| p | 248.2003 86.00 1 770399 | |||
| c | Вид литературы | К ин | ||
| 954 | a | Дата поступления на обработку | 20000630 | |
| 999 | a | Подразделение 2 | Фил3 |